[Event "CZE-ch Amateurs 2022"]
[Site "Luhacovice"]
[Date "2022.03.14"]
[Round "3.12"]
[White "Navratilik, Pavel"]
[Black "Novotny, Josef"]
[Result "0-1"]
[WhiteElo "2082"]
[BlackElo "2033"]
[Annotator "NA"]
[PlyCount "162"]
[EventDate "2022.03.12"]
[EventType "swiss"]
[EventCountry "CZE"]
[SourceTitle "playchess.com"]
[Source "ChessBase"]
[SourceQuality "1"]
[TimeControl "5400+30"]

1. d4 {[%emt 0:00:06]} e6 {[%emt 0:00:15]} 2. c4 {[%emt 0:00:05]} d6 {[%emt 0:00:05]} 3. Nc3 {[%emt 0:00:11]} g6 {[%emt 0:00:20]} 4. Nf3 {[%emt 0:00:37]} Bg7 {[%emt 0:00:12]} 5. e4 {[%emt 0:01:19]} Nf6 {[%emt 0:00:54]} 6. Be3 {[%emt 0:03:14]} Ng4 {[%emt 0:01:29]} 7. Bg5 {[%emt 0:00:55]} f6 {[%emt 0:01:00]} 8. Bd2 {[%emt 0:02:32]} Nh6 {[%emt 0:00:34]} 9. Be2 {[%emt 0:02:15]} Nf7 {[%emt 0:00:17]} 10. Qc2 {[%emt 0:02:49]} Nc6 {[%emt 0:00:46]} 11. Rd1 {[%emt 0:00:30]} O-O {[%emt 0:00:33]} 12. O-O {[%emt 0:00:55]} Bd7 {[%emt 0:00:25]} 13. d5 {[%emt 0:03:01]} exd5 {[%emt 0:00:25]} 14. Nxd5 {[%emt 0:01:25]} Nfe5 {[%emt 0:08:14]} 15. Bc3 {[%emt 0:02:47]} f5 {[%emt 0:08:57]} 16. Nxe5 {[%emt 0:01:57]} dxe5 {[%emt 0:00:30]} 17. exf5 {[%emt 0:12:10]} Bxf5 {[%emt 0:00:41]} 18. Bd3 {[%emt 0:01:05]} Nd4 {[%emt 0:02:22]} 19. Bxd4 {[%emt 0:04:47]} exd4 {[%emt 0:00:16]} 20. Bxf5 {[%emt 0:03:27]} Rxf5 {[%emt 0:00:15]} 21. Rde1 {[%emt 0:00:27]} Rf7 {[%emt 0:01:42]} 22. Qe4 {[%emt 0:04:18]} Qf8 {[%emt 0:09:38]} 23. Re2 {[%emt 0:05:12]} c6 {[%emt 0:19:11]} 24. Ne7+ {[%emt 0:00:25]} Kh8 {[%emt 0:00:18]} 25. Qh4 {[%emt 0:02:14] [#]} Rf6 $1 {[%emt 0:09:12]} 26. Qxd4 {[%emt 0:07:26]} Re6 {[%emt 0:01:46]} 27. Qh4 {[%emt 0:03:10]} (27. Nxg6+ $142 Rxg6 28. Qe4) 27... g5 {[%emt 0:01:26]} 28. Qh5 {[%emt 0:10:42]} Rxe7 {[%emt 0:01:00]} 29. Rfe1 {[%emt 0:00:21]} Bf6 {[%emt 0:02:17]} 30. g3 {[%emt 0:01:29]} Qf7 {[%emt 0:02:12]} 31. Qf3 {[%emt 0:02:28]} Rae8 {[%emt 0:00:49]} 32. b3 {[%emt 0:00:46]} Rxe2 {[%emt 0:00:33]} 33. Rxe2 {[%emt 0:00:11]} Rxe2 {[%emt 0:00:06]} 34. Qxe2 {[%emt 0:00:10]} Bd4 {[%emt 0:00:24]} 35. Kg2 {[%emt 0:00:19]} Kg7 {[%emt 0:06:51]} 36. f3 {[%emt 0:01:02]} Kf8 {[%emt 0:03:52]} 37. Qd2 {[%emt 0:01:58]} Qg7 {[%emt 0:02:17]} 38. Qb4+ {[%emt 0:01:04]} Qe7 $19 {[%emt 0:00:19]} 39. Qa5 {[%emt 0:01:22]} Bb6 {[%emt 0:03:10]} 40. Qf5+ {[%emt 0:00:23]} Ke8 {[%emt 0:00:10]} 41. a4 {[%emt 0:01:47]} a5 {[%emt 0:01:28]} 42. Qd3 {[%emt 0:01:44]} Qd7 {[%emt 0:01:54]} 43. Qe4+ {[%emt 0:00:47]} Qe7 {[%emt 0:01:45]} 44. Qd3 {[%emt 0:00:22]} Bc7 {[%emt 0:00:44]} 45. Qf5 {[%emt 0:00:34]} Kd8 {[%emt 0:00:58]} 46. Qd3+ {[%emt 0:02:00]} Kc8 {[%emt 0:00:19]} 47. Qd2 {[%emt 0:01:21]} Kb8 {[%emt 0:00:11]} 48. Qd3 {[%emt 0:00:29]} Ka7 {[%emt 0:00:13]} 49. Qd4+ {[%emt 0:00:33]} Bb6 {[%emt 0:00:14]} 50. Qd3 {[%emt 0:00:39]} h5 {[%emt 0:00:22]} 51. Kh3 {[%emt 0:04:05]} Qe6+ {[%emt 0:01:07]} 52. Kg2 {[%emt 0:00:56]} Qe3 {[%emt 0:00:39]} 53. Qd1 {[%emt 0:00:37]} Qf2+ {[%emt 0:01:19]} 54. Kh3 {[%emt 0:00:45]} Be3 {[%emt 0:00:50]} 55. Qh1 {[%emt 0:01:01]} Qg1 {[%emt 0:00:35]} 56. Qxg1 {[%emt 0:01:10]} Bxg1 {[%emt 0:00:08]} 57. f4 {[%emt 0:02:05]} gxf4 {[%emt 0:00:21]} 58. gxf4 {[%emt 0:00:09]} Kb6 {[%emt 0:00:22]} 59. f5 {[%emt 0:00:39]} Kc5 {[%emt 0:00:32]} 60. f6 {[%emt 0:01:01]} Kd6 {[%emt 0:00:15]} 61. Kh4 {[%emt 0:00:57]} Bxh2 {[%emt 0:01:04]} 62. Kxh5 {[%emt 0:00:17]} Ke6 {[%emt 0:00:15]} 63. Kg6 {[%emt 0:00:38]} Bd6 {[%emt 0:00:21]} 64. f7 {[%emt 0:00:42]} Bf8 {[%emt 0:00:26]} 65. Kg5 {[%emt 0:00:49]} Kxf7 {[%emt 0:00:13]} 66. Kf5 {[%emt 0:00:34]} Bd6 {[%emt 0:00:09]} 67. Ke4 {[%emt 0:00:12]} Ke6 {[%emt 0:00:07]} 68. Kd4 {[%emt 0:00:09]} b6 {[%emt 0:00:46]} 69. Ke4 {[%emt 0:00:19]} Bb4 {[%emt 0:01:08]} 70. Kf4 {[%emt 0:00:28]} Kf6 {[%emt 0:01:24]} 71. Ke4 {[%emt 0:00:15]} Bd6 {[%emt 0:00:45]} 72. Kd4 {[%emt 0:00:39]} Kf5 {[%emt 0:00:10]} 73. Kd3 {[%emt 0:00:15]} Kf4 {[%emt 0:00:19]} 74. Kd4 {[%emt 0:00:12]} Bc5+ {[%emt 0:00:28]} 75. Kd3 {[%emt 0:00:05]} Kf3 {[%emt 0:00:07]} 76. Kd2 {[%emt 0:00:31]} Ke4 {[%emt 0:00:09]} 77. Kc3 {[%emt 0:00:20]} Ke3 {[%emt 0:00:10]} 78. Kc2 {[%emt 0:00:06]} Bd4 {[%emt 0:00:33]} 79. b4 {[%emt 0:01:23]} axb4 {[%emt 0:00:24]} 80. Kb3 {[%emt 0:00:06]} c5 {[%emt 0:00:26]} 81. Kc2 {[%emt 0:00:25]} Ke2 {[%emt 0:00:12]} 0-1

[Event "CZE-ch Amateurs 2022"]
[Site "Luhacovice"]
[Date "2022.03.14"]
[Round "3.13"]
[White "Marak, Jakub"]
[Black "Galicek, Stanislav"]
[Result "1/2-1/2"]
[WhiteElo "1880"]
[BlackElo "2079"]
[Annotator "ChessBase"]
[PlyCount "67"]
[EventDate "2022.03.12"]
[EventType "swiss"]
[EventCountry "CZE"]
[SourceTitle "playchess.com"]
[Source "ChessBase"]
[SourceQuality "1"]
[TimeControl "5400+30"]

1. e4 {[%emt 0:00:05]} c5 {[%emt 0:00:09]} 2. Nf3 {[%emt 0:00:19]} d6 {[%emt 0:00:07]} 3. Bb5+ {[%emt 0:00:03]} Bd7 {[%emt 0:00:09]} 4. Bxd7+ {[%emt 0:00:04]} Qxd7 {[%emt 0:00:03]} 5. O-O {[%emt 0:00:09]} Nc6 {[%emt 0:00:40]} 6. c3 {[%emt 0:00:06]} Nf6 {[%emt 0:00:44]} 7. Qe2 {[%emt 0:00:23]} e6 {[%emt 0:00:53]} 8. d4 {[%emt 0:00:12]} cxd4 {[%emt 0:00:35]} 9. cxd4 {[%emt 0:00:01]} d5 {[%emt 0:00:38]} 10. e5 {[%emt 0:00:07]} Ne4 {[%emt 0:00:43]} 11. Be3 {[%emt 0:00:04]} Be7 {[%emt 0:03:32]} 12. Ne1 {[%emt 0:00:17]} f5 {[%emt 0:13:36]} 13. f3 {[%emt 0:07:19]} Ng5 {[%emt 0:00:57]} 14. Nd3 {[%emt 0:00:13]} Nf7 {[%emt 0:03:45]} 15. Nd2 {[%emt 0:02:11]} O-O {[%emt 0:01:29]} 16. Nb3 {[%emt 0:01:55]} b6 {[%emt 0:04:57]} 17. Rac1 {[%emt 0:08:36]} Rac8 {[%emt 0:04:04]} 18. a3 {[%emt 0:05:22]} Rc7 {[%emt 0:08:20]} 19. Rc3 {[%emt 0:07:05]} Rfc8 {[%emt 0:02:26]} 20. Rfc1 {[%emt 0:00:49]} Nb8 {[%emt 0:03:19]} 21. Qd2 {[%emt 0:05:13]} Rxc3 {[%emt 0:03:27]} 22. Rxc3 {[%emt 0:00:07]} Rxc3 {[%emt 0:00:43]} 23. Qxc3 {[%emt 0:00:06]} Qc6 {[%emt 0:01:25]} 24. Qxc6 {[%emt 0:01:46]} Nxc6 {[%emt 0:00:10]} 25. g4 {[%emt 0:03:09]} g6 {[%emt 0:16:49]} 26. Kf2 {[%emt 0:03:32]} Nfd8 {[%emt 0:03:44]} 27. Ke2 {[%emt 0:08:51]} Nb7 {[%emt 0:01:18]} 28. Nf4 {[%emt 0:01:45]} Kf7 {[%emt 0:00:48]} 29. Kd3 {[%emt 0:01:41]} Nba5 {[%emt 0:01:57]} 30. Nxa5 {[%emt 0:01:47]} Nxa5 {[%emt 0:00:33]} 31. Ng2 {[%emt 0:00:58]} g5 {[%emt 0:07:38]} 32. h3 {[%emt 0:03:50]} f4 {[%emt 0:01:39]} 33. Bd2 {[%emt 0:02:00]} Nc4 {[%emt 0:00:42]} 34. Bc1 {[%emt 0:00:46]} 1/2-1/2

[Event "CZE-ch Amateurs 2022"]
[Site "Luhacovice"]
[Date "2022.03.14"]
[Round "3.14"]
[White "Kapusta, Petr"]
[Black "Novotny, Lubomir"]
[Result "1-0"]
[WhiteElo "2105"]
[BlackElo "1902"]
[Annotator "ChessBase"]
[PlyCount "53"]
[EventDate "2022.03.12"]
[EventType "swiss"]
[EventCountry "CZE"]
[SourceTitle "playchess.com"]
[Source "ChessBase"]
[SourceQuality "1"]
[TimeControl "5400+30"]

1. e4 {[%emt 0:00:06]} c5 {[%emt 0:00:15]} 2. Nf3 {[%emt 0:00:05]} d6 {[%emt 0:00:15]} 3. d4 {[%emt 0:00:08]} cxd4 {[%emt 0:00:20]} 4. Nxd4 {[%emt 0:00:10]} Nf6 {[%emt 0:00:09]} 5. Nc3 {[%emt 0:00:07]} a6 {[%emt 0:00:18]} 6. Be2 {[%emt 0:00:30]} e5 {[%emt 0:00:42]} 7. Nb3 {[%emt 0:00:11]} Be7 {[%emt 0:00:22]} 8. O-O {[%emt 0:00:07]} O-O {[%emt 0:00:07]} 9. Kh1 {[%emt 0:00:05]} Be6 {[%emt 0:00:31]} 10. f4 {[%emt 0:00:26]} Nc6 {[%emt 0:02:27]} 11. f5 {[%emt 0:01:58]} Bxb3 {[%emt 0:00:15]} 12. axb3 {[%emt 0:00:07]} Nb4 {[%emt 0:00:45]} 13. Bg5 {[%emt 0:02:01]} Rc8 {[%emt 0:00:21]} 14. Bxf6 {[%emt 0:04:32]} Bxf6 {[%emt 0:00:16]} 15. Bc4 {[%emt 0:00:17]} Rc5 {[%emt 0:01:06]} 16. Nd5 {[%emt 0:03:08]} Nxd5 {[%emt 0:00:51]} 17. Bxd5 {[%emt 0:00:09]} Qc7 {[%emt 0:04:36]} 18. c3 {[%emt 0:00:41]} a5 {[%emt 0:01:13]} 19. Qh5 {[%emt 0:01:06]} Rxd5 {[%emt 0:03:36]} 20. exd5 {[%emt 0:02:19]} Qb6 {[%emt 0:02:59]} 21. Qd1 {[%emt 0:01:12]} Re8 {[%emt 0:01:26]} 22. Ra4 {[%emt 0:04:20]} e4 {[%emt 0:05:42]} 23. b4 {[%emt 0:03:20]} e3 {[%emt 0:02:29]} 24. Qe2 {[%emt 0:01:28]} axb4 {[%emt 0:01:01]} 25. Rxb4 {[%emt 0:00:08]} Qc5 {[%emt 0:04:31]} 26. Rxb7 {[%emt 0:01:45]} Qxd5 {[%emt 0:00:30]} 27. Qxe3 {[%emt 0:00:38]} 1-0

[Event "CZE-ch Amateurs 2022"]
[Site "Luhacovice"]
[Date "2022.03.14"]
[Round "3.15"]
[White "Kulhanek, Jachym"]
[Black "Slepov, Kyryl"]
[Result "1/2-1/2"]
[WhiteElo "1951"]
[BlackElo "2064"]
[Annotator "ChessBase"]
[PlyCount "158"]
[EventDate "2022.03.12"]
[EventType "swiss"]
[EventCountry "CZE"]
[SourceTitle "playchess.com"]
[Source "ChessBase"]
[SourceQuality "1"]
[TimeControl "5400+30"]

1. e4 {[%emt 0:00:55]} c5 {[%emt 0:07:19]} 2. c3 {[%emt 0:00:30]} d5 {[%emt 0:00:30]} 3. exd5 {[%emt 0:00:30]} Qxd5 {[%emt 0:00:30]} 4. d4 {[%emt 0:00:30]} g6 {[%emt 0:00:30]} 5. Nf3 {[%emt 0:00:30]} Bg7 {[%emt 0:00:30]} 6. Na3 {[%emt 0:00:30]} cxd4 {[%emt 0:00:30]} 7. cxd4 {[%emt 0:03:35]} Nf6 {[%emt 0:02:23]} 8. Bc4 {[%emt 0:00:30]} Qe4+ {[%emt 0:00:30]} 9. Be3 {[%emt 0:00:30]} O-O {[%emt 0:00:30]} 10. O-O {[%emt 0:00:30]} Nc6 {[%emt 0:00:30]} 11. h3 {[%emt 0:08:00]} Nd5 {[%emt 0:08:09]} 12. Re1 {[%emt 0:18:49]} Nxe3 {[%emt 0:00:30]} 13. Rxe3 {[%emt 0:00:30]} Qf4 {[%emt 0:00:30]} 14. d5 {[%emt 0:00:30]} Ne5 {[%emt 0:09:08]} 15. Qe2 {[%emt 0:21:47]} Nxf3+ {[%emt 0:08:12]} 16. Rxf3 {[%emt 0:08:53]} Qh4 {[%emt 0:02:22]} 17. Re1 {[%emt 0:05:22]} Bf6 {[%emt 0:07:25]} 18. d6 {[%emt 0:00:30]} e6 {[%emt 0:00:30]} 19. g3 {[%emt 0:00:30]} Qd4 {[%emt 0:00:30]} 20. Rd1 {[%emt 0:00:30]} Qxb2 {[%emt 0:00:30]} 21. Qxb2 {[%emt 0:00:30]} Bxb2 {[%emt 0:00:30]} 22. d7 {[%emt 0:00:30]} Rd8 {[%emt 0:00:30]} 23. dxc8=Q {[%emt 0:00:30]} Raxc8 {[%emt 0:00:30]} 24. Rxd8+ {[%emt 0:00:30]} Rxd8 {[%emt 0:00:30]} 25. Nc2 {[%emt 0:00:30]} Rd2 {[%emt 0:00:30]} 26. Ne3 {[%emt 0:00:30]} Bd4 {[%emt 0:00:30]} 27. Ng4 {[%emt 0:00:30]} Rc2 {[%emt 0:00:30]} 28. Bb3 {[%emt 0:00:30]} Rc1+ {[%emt 0:00:30]} 29. Kg2 {[%emt 0:00:30]} Kg7 {[%emt 0:00:30]} 30. Ne3 {[%emt 0:00:30]} a5 {[%emt 0:00:30]} 31. Rf4 {[%emt 0:00:30]} Be5 {[%emt 0:00:30]} 32. Rc4 {[%emt 0:00:30]} Rxc4 {[%emt 0:00:30]} 33. Nxc4 {[%emt 0:00:30]} Bc7 {[%emt 0:00:30]} 34. Kf3 {[%emt 0:00:30]} b5 {[%emt 0:00:30]} 35. Na3 {[%emt 0:00:30]} a4 {[%emt 0:00:30]} 36. Bc2 {[%emt 0:00:30]} b4 {[%emt 0:00:30]} 37. Nb5 {[%emt 0:00:30]} b3 {[%emt 0:00:30]} 38. axb3 {[%emt 0:00:30]} axb3 {[%emt 0:00:30]} 39. Bxb3 {[%emt 0:00:30]} Be5 {[%emt 0:00:30]} 40. Na7 {[%emt 0:00:30]} Bd4 {[%emt 0:00:30]} 41. Nc6 {[%emt 0:00:30]} Bc3 {[%emt 0:00:30]} 42. Ke3 {[%emt 0:00:30]} Kf8 {[%emt 0:00:30]} 43. f3 {[%emt 0:00:30]} Be1 {[%emt 0:00:30]} 44. g4 {[%emt 0:00:30]} Kg7 {[%emt 0:00:30]} 45. Ke4 {[%emt 0:00:30]} Bc3 {[%emt 0:00:30]} 46. f4 {[%emt 0:00:30]} Bb2 {[%emt 0:00:30]} 47. f5 {[%emt 0:00:30]} exf5+ {[%emt 0:00:30]} 48. gxf5 {[%emt 0:00:30]} Bf6 {[%emt 0:00:30]} 49. Na7 {[%emt 0:00:30]} Bg5 {[%emt 0:00:30]} 50. Nb5 {[%emt 0:00:30]} Be7 {[%emt 0:00:30]} 51. Nd4 {[%emt 0:00:30]} Kf8 {[%emt 0:01:28]} 52. Nc6 {[%emt 0:07:01]} Kg7 {[%emt 0:02:26]} 53. Na7 {[%emt 0:02:18]} Bg5 {[%emt 0:03:30]} 54. Nb5 {[%emt 0:00:47]} Be7 {[%emt 0:00:25]} 55. Nd4 {[%emt 0:02:07]} Kf6 {[%emt 0:00:32]} 56. Bc2 {[%emt 0:01:35]} Bd6 {[%emt 0:00:54]} 57. Kd5 {[%emt 0:01:29]} Bc7 {[%emt 0:01:48]} 58. Nf3 {[%emt 0:02:27]} gxf5 {[%emt 0:01:09]} 59. Kc6 {[%emt 0:00:33]} Be5 {[%emt 0:00:43]} 60. Kd7 {[%emt 0:00:18]} Bc3 {[%emt 0:00:26]} 61. Ke8 {[%emt 0:00:24]} h6 {[%emt 0:01:34]} 62. Bb3 {[%emt 0:01:10]} Kg7 {[%emt 0:00:42]} 63. Bxf7 {[%emt 0:00:13]} f4 {[%emt 0:00:21]} 64. Ke7 {[%emt 0:00:51]} Bf6+ {[%emt 0:00:23]} 65. Ke6 {[%emt 0:00:04]} Bd8 {[%emt 0:00:25]} 66. Nd4 {[%emt 0:00:45]} Kh8 {[%emt 0:01:37]} 67. Bh5 {[%emt 0:01:43]} Kh7 {[%emt 0:00:55]} 68. Kf7 {[%emt 0:01:07]} Ba5 {[%emt 0:01:30]} 69. Ne6 {[%emt 0:02:25]} f3 {[%emt 0:01:33]} 70. Bxf3 {[%emt 0:00:06]} Bd2 {[%emt 0:00:17]} 71. Be4+ {[%emt 0:00:33]} Kh8 {[%emt 0:00:07]} 72. Nf8 {[%emt 0:00:56]} Bc1 {[%emt 0:00:07]} 73. Bd5 {[%emt 0:00:45]} Bd2 {[%emt 0:00:13]} 74. Kg6 {[%emt 0:00:20]} Bc1 {[%emt 0:00:21]} 75. Ne6 {[%emt 0:00:45]} Bd2 {[%emt 0:00:16]} 76. Nd8 {[%emt 0:00:13]} Bc1 {[%emt 0:00:10]} 77. Nf7+ {[%emt 0:00:34]} Kg8 {[%emt 0:00:16]} 78. Nxh6+ {[%emt 0:00:03]} Kh8 {[%emt 0:00:07]} 79. h4 {[%emt 0:00:23]} Bxh6 {[%emt 0:00:10]} 1/2-1/2

[Event "CZE-ch Amateurs 2022"]
[Site "Luhacovice"]
[Date "2022.03.14"]
[Round "3.16"]
[White "Svobodova, Michaela"]
[Black "Svacina, Tobias"]
[Result "1/2-1/2"]
[WhiteElo "2054"]
[BlackElo "1749"]
[Annotator "ChessBase"]
[PlyCount "94"]
[EventDate "2022.03.12"]
[EventType "swiss"]
[EventCountry "CZE"]
[SourceTitle "playchess.com"]
[Source "ChessBase"]
[SourceQuality "1"]
[TimeControl "5400+30"]

1. e4 {[%emt 0:00:27]} e5 {[%emt 0:00:41]} 2. Nf3 {[%emt 0:00:15]} Nc6 {[%emt 0:00:38]} 3. Nc3 {[%emt 0:00:19]} Nf6 {[%emt 0:00:45]} 4. d4 {[%emt 0:00:26]} exd4 {[%emt 0:01:03]} 5. Nxd4 {[%emt 0:00:25]} Nxe4 {[%emt 0:00:23]} 6. Nxe4 {[%emt 0:00:42]} Qe7 {[%emt 0:01:39]} 7. f3 {[%emt 0:00:33]} d5 {[%emt 0:00:25]} 8. Bb5 {[%emt 0:00:54]} Bd7 {[%emt 0:00:23]} 9. Bxc6 {[%emt 0:00:44]} bxc6 {[%emt 0:00:08]} 10. O-O {[%emt 0:01:28]} dxe4 {[%emt 0:00:53]} 11. Re1 {[%emt 0:02:55]} O-O-O {[%emt 0:01:32]} 12. Rxe4 {[%emt 0:03:38]} Qb4 {[%emt 0:01:19]} 13. Qf1 {[%emt 0:15:53]} Bc5 {[%emt 0:06:43]} 14. c3 {[%emt 0:13:47]} Qb5 {[%emt 0:17:22]} 15. Be3 {[%emt 0:15:40]} Qxb2 {[%emt 0:09:22]} 16. Rb1 {[%emt 0:05:08]} Qa3 {[%emt 0:01:07]} 17. Qc4 {[%emt 0:05:05]} Bb6 {[%emt 0:23:43]} 18. Nxc6 {[%emt 0:07:28]} Be6 {[%emt 0:01:51]} 19. Rxe6 {[%emt 0:03:35]} fxe6 {[%emt 0:02:16]} 20. Qxe6+ {[%emt 0:00:17]} Kb7 {[%emt 0:01:46]} 21. Nxd8+ {[%emt 0:09:14]} Rxd8 {[%emt 0:00:07]} 22. c4 {[%emt 0:01:42]} Qd3 {[%emt 0:09:15]} 23. Qe4+ {[%emt 0:06:21]} Qxe4 {[%emt 0:01:58]} 24. fxe4 {[%emt 0:00:06]} Rd3 {[%emt 0:02:31]} 25. Kf2 {[%emt 0:02:05]} Kc6 {[%emt 0:00:38]} 26. c5 {[%emt 0:02:02]} Bxc5 {[%emt 0:01:07]} 27. Bxc5 {[%emt 0:00:44]} Kxc5 {[%emt 0:02:22]} 28. Rb7 {[%emt 0:00:07]} Rd2+ {[%emt 0:06:04]} 29. Kf3 {[%emt 0:00:21]} Rd3+ {[%emt 0:02:52]} 30. Ke2 {[%emt 0:00:47]} Ra3 {[%emt 0:00:11]} 31. Rxc7+ {[%emt 0:00:11]} Kd4 {[%emt 0:00:16]} 32. Rxg7 {[%emt 0:00:45]} Kxe4 {[%emt 0:00:11]} 33. Rxh7 {[%emt 0:00:55]} Rxa2+ {[%emt 0:00:07]} 34. Kf1 {[%emt 0:00:23]} a5 {[%emt 0:00:51]} 35. h4 {[%emt 0:00:33]} Kf5 {[%emt 0:02:00]} 36. Rg7 {[%emt 0:00:23]} a4 {[%emt 0:02:14]} 37. Ke1 {[%emt 0:00:30]} a3 {[%emt 0:00:28]} 38. Kd1 {[%emt 0:00:37]} Ra1+ {[%emt 0:00:55]} 39. Kc2 {[%emt 0:00:13]} Rh1 {[%emt 0:00:08]} 40. Kb3 {[%emt 0:02:02]} Rxh4 {[%emt 0:00:11]} 41. Kxa3 {[%emt 0:00:17]} Rg4 {[%emt 0:00:16]} 42. Rf7+ {[%emt 0:00:19]} Kg5 {[%emt 0:00:13]} 43. Rf2 {[%emt 0:00:16]} Kh4 {[%emt 0:00:11]} 44. Kb3 {[%emt 0:00:16]} Kg3 {[%emt 0:00:07]} 45. Rd2 {[%emt 0:00:15]} Kh2 {[%emt 0:00:08]} 46. Kc3 {[%emt 0:00:14]} Rxg2 {[%emt 0:00:07]} 47. Rxg2+ {[%emt 0:00:07]} Kxg2 {[%emt 0:00:04]} 1/2-1/2

[Event "CZE-ch Amateurs 2022"]
[Site "Luhacovice"]
[Date "2022.03.14"]
[Round "3.17"]
[White "Breuer, Jean-Paul"]
[Black "Mach, Petr"]
[Result "1-0"]
[WhiteElo "1204"]
[BlackElo "2023"]
[Annotator "ChessBase"]
[PlyCount "35"]
[EventDate "2022.03.12"]
[EventType "swiss"]
[EventCountry "CZE"]
[SourceTitle "playchess.com"]
[Source "ChessBase"]
[SourceQuality "1"]
[TimeControl "5400+30"]

1. e4 {[%emt 0:00:18]} d5 {[%emt 0:00:01]} 2. exd5 {[%emt 0:00:08]} Nf6 {[%emt 0:00:03]} 3. Nf3 {[%emt 0:00:13]} Nxd5 {[%emt 0:00:04]} 4. d4 {[%emt 0:00:10]} g6 {[%emt 0:00:03]} 5. c4 {[%emt 0:00:11]} Nb6 {[%emt 0:00:02]} 6. Nc3 {[%emt 0:00:25]} Bg7 {[%emt 0:00:04]} 7. c5 {[%emt 0:00:12]} Nd5 {[%emt 0:00:03]} 8. Bc4 {[%emt 0:00:17]} c6 {[%emt 0:00:02]} 9. O-O {[%emt 0:00:19]} O-O {[%emt 0:00:06]} 10. Re1 {[%emt 0:00:11]} Bg4 {[%emt 0:02:31]} 11. Bg5 {[%emt 0:03:28]} h6 {[%emt 0:09:13]} 12. Nxd5 {[%emt 0:05:00]} hxg5 {[%emt 0:00:05]} 13. Nxe7+ {[%emt 0:00:21]} Kh8 {[%emt 0:00:06]} 14. Qb3 {[%emt 0:04:41]} Bxf3 {[%emt 0:06:49]} 15. Qxf3 {[%emt 0:00:54]} Qxd4 {[%emt 0:00:37]} 16. Bxf7 {[%emt 0:01:19]} Rxf7 {[%emt 0:00:42]} 17. Qh3+ {[%emt 0:00:31]} Qh4 {[%emt 0:00:13]} 18. Nxg6+ {[%emt 0:00:09]} 1-0

[Event "CZE-ch Amateurs 2022"]
[Site "Luhacovice"]
[Date "2022.03.14"]
[Round "3.18"]
[White "Nemec, Pavel"]
[Black "Vylicil, Adam"]
[Result "1-0"]
[WhiteElo "2223"]
[BlackElo "1860"]
[Annotator "ChessBase"]
[PlyCount "53"]
[EventDate "2022.03.12"]
[EventType "swiss"]
[EventCountry "CZE"]
[SourceTitle "playchess.com"]
[Source "ChessBase"]
[SourceQuality "1"]
[TimeControl "5400+30"]

1. c4 {[%emt 0:00:04]} e6 {[%emt 0:00:13]} 2. g3 {[%emt 0:01:48]} d5 {[%emt 0:00:05]} 3. Bg2 {[%emt 0:00:06]} Nf6 {[%emt 0:00:25]} 4. Nf3 {[%emt 0:01:15]} dxc4 {[%emt 0:00:05]} 5. O-O {[%emt 0:01:26]} Nbd7 {[%emt 0:00:45]} 6. Na3 {[%emt 0:02:46]} Nb6 {[%emt 0:05:36]} 7. Nxc4 {[%emt 0:00:27]} Nxc4 {[%emt 0:00:59]} 8. Qa4+ {[%emt 0:00:06]} Bd7 {[%emt 0:00:06]} 9. Qxc4 {[%emt 0:00:05]} Bc6 {[%emt 0:00:25]} 10. d3 {[%emt 0:03:39]} Qd5 {[%emt 0:06:32]} 11. Qc2 {[%emt 0:01:49]} Qc5 {[%emt 0:06:22]} 12. Qxc5 {[%emt 0:08:45]} Bxc5 {[%emt 0:03:56]} 13. b3 {[%emt 0:05:41]} O-O {[%emt 0:02:15]} 14. Bb2 {[%emt 0:00:09]} Rfd8 {[%emt 0:05:00]} 15. Rac1 {[%emt 0:00:54]} Bb6 {[%emt 0:01:54]} 16. Rxc6 {[%emt 0:12:42]} bxc6 {[%emt 0:03:52]} 17. Ne5 {[%emt 0:00:02]} Nd5 {[%emt 0:06:32]} 18. Nxc6 {[%emt 0:00:11]} Re8 {[%emt 0:01:55]} 19. Rc1 {[%emt 0:01:29]} Rac8 {[%emt 0:04:25]} 20. Ba3 {[%emt 0:00:36]} a5 {[%emt 0:08:57]} 21. Bxd5 {[%emt 0:11:34]} exd5 {[%emt 0:00:09]} 22. Ne7+ {[%emt 0:00:08]} Rxe7 {[%emt 0:00:22]} 23. Bxe7 {[%emt 0:00:02]} Re8 {[%emt 0:05:08]} 24. Bc5 {[%emt 0:00:12]} Bxc5 {[%emt 0:00:42]} 25. Rxc5 {[%emt 0:00:02]} Rxe2 {[%emt 0:00:07]} 26. Rxd5 {[%emt 0:00:09]} Kf8 {[%emt 0:00:24]} 27. Rxa5 {[%emt 0:00:08]} 1-0

[Event "CZE-ch Amateurs 2022"]
[Site "Luhacovice"]
[Date "2022.03.14"]
[Round "3.19"]
[White "Bakalar, Jan"]
[Black "Vanek, Ladislav"]
[Result "1-0"]
[WhiteElo "1820"]
[BlackElo "2221"]
[Annotator "ChessBase"]
[PlyCount "101"]
[EventDate "2022.03.12"]
[EventType "swiss"]
[EventCountry "CZE"]
[SourceTitle "playchess.com"]
[Source "ChessBase"]
[SourceQuality "1"]
[TimeControl "5400+30"]

1. e4 {[%emt 0:00:17]} e6 {[%emt 0:00:15]} 2. Qe2 {[%emt 0:00:10]} c5 {[%emt 0:00:30]} 3. g3 {[%emt 0:01:05]} Nc6 {[%emt 0:00:42]} 4. c3 {[%emt 0:00:10]} g6 {[%emt 0:00:22]} 5. Bg2 {[%emt 0:00:43]} Bg7 {[%emt 0:00:29]} 6. f4 {[%emt 0:02:13]} Nge7 {[%emt 0:00:29]} 7. d3 {[%emt 0:02:07]} O-O {[%emt 0:01:04]} 8. h4 {[%emt 0:02:10]} f5 {[%emt 0:13:05]} 9. h5 {[%emt 0:01:50]} Qe8 {[%emt 0:01:51]} 10. h6 {[%emt 0:02:40]} Bh8 {[%emt 0:00:05]} 11. e5 {[%emt 0:00:25]} d6 {[%emt 0:03:23]} 12. exd6 {[%emt 0:00:44]} Nd5 {[%emt 0:00:06]} 13. Bxd5 {[%emt 0:12:37]} exd5 {[%emt 0:00:08]} 14. Qxe8 {[%emt 0:00:10]} Rxe8+ {[%emt 0:00:06]} 15. Kd1 {[%emt 0:00:18]} b6 {[%emt 0:02:03]} 16. Bd2 {[%emt 0:03:23]} Ba6 {[%emt 0:00:59]} 17. Kc2 {[%emt 0:00:27]} Rad8 {[%emt 0:00:24]} 18. Na3 {[%emt 0:00:57]} Rxd6 {[%emt 0:00:39]} 19. Nf3 {[%emt 0:00:48]} Rde6 {[%emt 0:03:29]} 20. Rae1 {[%emt 0:00:16]} Bf6 {[%emt 0:03:50]} 21. Rxe6 {[%emt 0:00:56]} Rxe6 {[%emt 0:00:08]} 22. Re1 {[%emt 0:00:10]} Rxe1 {[%emt 0:00:21]} 23. Bxe1 {[%emt 0:00:25]} Nd8 {[%emt 0:02:32]} 24. b4 {[%emt 0:05:44]} cxb4 {[%emt 0:16:40]} 25. cxb4 {[%emt 0:00:13]} Nf7 {[%emt 0:00:16]} 26. Bc3 {[%emt 0:01:38]} Bxc3 {[%emt 0:02:12]} 27. Kxc3 {[%emt 0:00:02]} Nxh6 {[%emt 0:00:09]} 28. Ne5 {[%emt 0:02:26]} Kg7 {[%emt 0:03:46]} 29. b5 {[%emt 0:03:20]} Bb7 {[%emt 0:00:26]} 30. Kd4 {[%emt 0:00:37]} Ng8 {[%emt 0:04:27]} 31. Nc6 {[%emt 0:00:20]} Nf6 {[%emt 0:02:25]} 32. Ke3 {[%emt 0:04:43]} a5 {[%emt 0:02:00]} 33. Nb1 {[%emt 0:01:11]} Kf8 {[%emt 0:07:54]} 34. Nc3 {[%emt 0:00:39]} Ke8 {[%emt 0:00:27]} 35. Kd4 {[%emt 0:05:02]} Kd7 {[%emt 0:01:57]} 36. Ne5+ {[%emt 0:00:38]} Ke6 {[%emt 0:03:23]} 37. Na4 {[%emt 0:02:03]} Nh5 {[%emt 0:00:26]} 38. Nxb6 {[%emt 0:01:12]} Nxg3 {[%emt 0:01:04]} 39. Na4 {[%emt 0:00:19]} Ne2+ {[%emt 0:03:13]} 40. Ke3 {[%emt 0:00:37]} Nxf4 {[%emt 0:00:17]} 41. d4 {[%emt 0:00:27]} Ng2+ {[%emt 0:05:03]} 42. Kf2 {[%emt 0:00:21]} f4 {[%emt 0:00:05]} 43. Kxg2 {[%emt 0:00:27]} Kf5 {[%emt 0:00:05]} 44. Nc5 {[%emt 0:03:14]} Bc8 {[%emt 0:00:04]} 45. Nf7 {[%emt 0:02:15]} Kg4 {[%emt 0:00:17]} 46. Nd6 {[%emt 0:02:18]} h5 {[%emt 0:00:20]} 47. Nxc8 {[%emt 0:00:23]} h4 {[%emt 0:00:05]} 48. Nd3 {[%emt 0:00:29]} g5 {[%emt 0:01:02]} 49. Ne5+ {[%emt 0:00:31]} Kh5 {[%emt 0:00:11]} 50. Ne7 {[%emt 0:01:11]} g4 {[%emt 0:00:15]} 51. Nxd5 {[%emt 0:02:13]} 1-0